| 000 | 00640nam a2200181Ia 4500 | ||
|---|---|---|---|
| 008 | 100921s9999 xx 000 0 und d | ||
| 082 |
_b9614 _a891.468 थ 63 |
||
| 100 | _aभावे पुरूषोत्तम भास्कर. | ||
| 245 | _aलवंग वेलदोडे. | ||
| 260 |
_bकुलकर्णी ग्रंथागार,पुणे. _c1963 |
||
| 300 |
_a143 _b--- |
||
| 365 | _b4 | ||
| 520 | _aललित-संकीर्ण. | ||
| 630 | _aलवंग वेलदोडे. | ||
| 650 | _aललित-संकीर्ण. | ||
| 730 | _aलवंग वेलदोडे. | ||
| 942 | _cBOOK | ||
| 999 |
_c758727 _d758724 |
||